000 00306nam a2200133Ia 4500
008 240624s9999 xx 000 0 und d
041 _aeng
082 _a823 HIT
100 _aHITCHENS CHRISTOPHER
245 _aHITCH 22
260 _c2010
_aNew Delhi
_bAtlantic Press
300 _a352 : p.
365 _cRS
999 _c17137
_d17137